| 000 | 00582nam a2200205 4500 | ||
|---|---|---|---|
| 003 | OSt | ||
| 005 | 20240619013535.0 | ||
| 006 | a | ||
| 008 | 240619b |||||||| |||| 00| 0 eng d | ||
| 020 | _a0415325056 | ||
| 040 |
_aDWCL-Main lib. _cOC |
||
| 082 | _aCirc. 190 R961h | ||
| 100 | _aRussell , Bertrand | ||
| 245 | _aHistory of Western philosophy / | ||
| 260 |
_aGreat Britain : _bThe Bertland Russell Peace Foundation Ltd, _cc1996. |
||
| 300 |
_axi, _b778 p. ; _c21 cm. |
||
| 504 | _aIncludes index. | ||
| 650 | _a1. Philosophy – History. | ||
| 942 |
_2ddc _n0 _cBK-CIRC _kCirc. |
||
| 999 |
_c859 _d859 |
||